Value based pricing in changing marketing scenario / (Record no. 90652)

MARC details
000 -LEADER
fixed length control field 00618nam a22001937a 4500
005 - DATE AND TIME OF LATEST TRANSACTION
control field 20150113113059.0
010 ## - LCCN (DPL NO)
LC control number ENG-111469
020 ## - INTERNATIONAL STANDARD BOOK NUMBER
International Standard Book Number 9788174877178
Terms of availability 550.00
035 ## - SYSTEM CONTROL NUMBER
System control number EN-95001
037 ## - SOURCE OF ACQUISITION
Source of stock number/acquisition DBAD/PUB
082 ## - DEWEY DECIMAL CLASSIFICATION NUMBER
Classification number 338.521
100 ## - MAIN ENTRY--PERSONAL NAME
Personal name Jain, Siddhartha Mohan
245 ## - TITLE STATEMENT
Title Value based pricing in changing marketing scenario /
Remainder of title by Siddhartha Mohan Jain
260 ## - PUBLICATION, DISTRIBUTION, ETC. (IMPRINT)
Place of publication, distribution, etc New Delhi
Name of publisher, distributor, etc Radha Publications
Date of publication, distribution, etc 2011
270 ## - ADDRESS
Address 4231/1, Ansari Road, Daryaganj
City New Delhi
Postal code 110002
300 ## - PHYSICAL DESCRIPTION
Extent 194p.
Dimensions 22cm(Hb)
500 ## - GENERAL NOTE
General note Includes bibliographical references
942 ## - ADDED ENTRY ELEMENTS (KOHA)
Source of classification or shelving scheme Dewey Decimal Classification
Item type English Books
Call number suffix JAI
Classification part 338.521
Holdings
Withdrawn status Lost status Not for loan Collection code Home library Current library Date acquired Source of acquisition Cost, normal purchase price Full call number Barcode Copy number Cost, replacement price Koha item type
    Not For Loan Non-fiction D.B.Act.Division D.B.Act.Division 13/01/2015 DBAD/PUB 550.00 338.521 JAI EN-95001 1 550.00 English Books

© Delhi Public Library
Hit Counter
free hit counter